<?xml version="1.0" encoding="UTF-8"?>
<record
    xmlns:xsi="http://www.w3.org/2001/XMLSchema-instance"
    xsi:schemaLocation="http://www.loc.gov/MARC21/slim http://www.loc.gov/standards/marcxml/schema/MARC21slim.xsd"
    xmlns="http://www.loc.gov/MARC21/slim">

  <leader>00633nam a22002177a 4500</leader>
  <controlfield tag="003">UA-OsUOA</controlfield>
  <controlfield tag="001"> 41773 </controlfield>
  <controlfield tag="007">ta</controlfield>
  <controlfield tag="008">20081007b un ||||| |||| 00| 0 ukr d</controlfield>
  <datafield tag="090" ind1=" " ind2=" ">
    <subfield code="a">281.96/08</subfield>
    <subfield code="b">&#x414;76</subfield>
  </datafield>
  <datafield tag="942" ind1=" " ind2=" ">
    <subfield code="c">BK</subfield>
  </datafield>
  <datafield tag="040" ind1=" " ind2=" ">
    <subfield code="a">UA-OsUOA</subfield>
    <subfield code="b">ukr</subfield>
    <subfield code="c">UA-OsUOA</subfield>
    <subfield code="d">UA-OsUOA</subfield>
  </datafield>
  <datafield tag="245" ind1=" " ind2=" ">
    <subfield code="a">&#x414;&#x440;&#x443;&#x433;&#x438;&#x439; &#x432;&#x441;&#x435;&#x443;&#x43A;&#x440;&#x430;&#x457;&#x43D;&#x441;&#x44C;&#x43A;&#x438;&#x439; &#x43F;&#x440;&#x430;&#x432;&#x43E;&#x441;&#x43B;&#x430;&#x432;&#x43D;&#x438;&#x439; &#x446;&#x435;&#x440;&#x43A;&#x43E;&#x432;&#x43D;&#x438;&#x439; &#x441;&#x43E;&#x431;&#x43E;&#x440; &#x423;&#x410;&#x41F;&#x426;</subfield>
    <subfield code="b">&#x414;&#x43E;&#x43A;&#x443;&#x43C;&#x435;&#x43D;&#x442;&#x438; &#x456; &#x43C;&#x430;&#x442;&#x435;&#x440;&#x456;&#x430;&#x43B;&#x438;.</subfield>
  </datafield>
  <datafield tag="300" ind1=" " ind2=" ">
    <subfield code="a">698 &#x441;.</subfield>
  </datafield>
  <datafield tag="955" ind1=" " ind2=" ">
    <subfield code="a">4</subfield>
  </datafield>
  <datafield tag="041" ind1=" " ind2=" ">
    <subfield code="a">ukr</subfield>
  </datafield>
  <datafield tag="080" ind1=" " ind2=" ">
    <subfield code="a">281.96/08</subfield>
  </datafield>
  <datafield tag="260" ind1=" " ind2=" ">
    <subfield code="a">&#x41A;.</subfield>
    <subfield code="c">2007</subfield>
  </datafield>
  <datafield tag="650" ind1=" " ind2="7">
    <subfield code="a">08 &#x412;&#x438;&#x434;&#x430;&#x43D;&#x43D;&#x44F;. &#x41A;&#x43E;&#x43B;&#x435;&#x43A;&#x442;&#x438;&#x432;&#x43D;&#x456; &#x43F;&#x440;&#x430;&#x446;&#x456;</subfield>
    <subfield code="2">UDC</subfield>
  </datafield>
  <datafield tag="999" ind1=" " ind2=" ">
    <subfield code="c">440273</subfield>
    <subfield code="d">440273</subfield>
  </datafield>
  <datafield tag="952" ind1=" " ind2=" ">
    <subfield code="0">0</subfield>
    <subfield code="1">0</subfield>
    <subfield code="2">udc</subfield>
    <subfield code="4">0</subfield>
    <subfield code="7">0</subfield>
    <subfield code="a">300</subfield>
    <subfield code="b">300</subfield>
    <subfield code="d">2008-10-07</subfield>
    <subfield code="e">109/2007</subfield>
    <subfield code="g">1.00</subfield>
    <subfield code="i">2129948</subfield>
    <subfield code="l">0</subfield>
    <subfield code="o">281.96/08 &#x414;76</subfield>
    <subfield code="p">2129948</subfield>
    <subfield code="r">2019-09-15 00:00:00</subfield>
    <subfield code="w">2008-10-07</subfield>
    <subfield code="y">BK</subfield>
  </datafield>
  <datafield tag="952" ind1=" " ind2=" ">
    <subfield code="0">0</subfield>
    <subfield code="1">0</subfield>
    <subfield code="2">udc</subfield>
    <subfield code="4">0</subfield>
    <subfield code="7">0</subfield>
    <subfield code="a">300</subfield>
    <subfield code="b">300</subfield>
    <subfield code="d">2008-10-07</subfield>
    <subfield code="e">109/2007</subfield>
    <subfield code="g">1.00</subfield>
    <subfield code="i">2129949</subfield>
    <subfield code="l">0</subfield>
    <subfield code="o">281.96/08 &#x414;76</subfield>
    <subfield code="p">2129949</subfield>
    <subfield code="r">2019-09-15 00:00:00</subfield>
    <subfield code="w">2008-10-07</subfield>
    <subfield code="y">BK</subfield>
  </datafield>
</record>
